| 000 | 01539nam a22003137a 4500 | ||
|---|---|---|---|
| 999 |
_c65311 _d65311 |
||
| 005 | 20240530110818.0 | ||
| 008 | 190704s2019 ua a f b 00| 0 ara d | ||
| 017 |
_a8450 _bمصر. دار الكتب |
||
| 020 | _a9789777332217 | ||
| 040 |
_aEG-CaGPL _cEG-CaGPL |
||
| 082 | 0 | 4 |
_221 _a616.8914 / _bح م |
| 100 | 0 | _aحسام محمود زكى | |
| 245 | 1 | 2 |
_aالمرجع الحديث فى الارشاد والعلاج النفسى : _bالجشطلتى - البنائى الذاتى - المعرفى التحليلى - الواقعى - القبول والالتزام / _cتاليف حسام محمود زكى...[وآخ]. |
| 260 |
_aالاسكندرية : _bدار التعليم الجامعى، _c2019. |
||
| 300 |
_a251 ص. : _bايض ؛ _c24 سم. |
||
| 504 | _aيشتمل على ارجاعات ببليوجرافية | ||
| 650 | 0 | 7 |
_2qrmak _aالعلاج النفسى |
| 650 | 0 | 7 |
_2qrmak _aالعلاج النفسى الجشطلتى |
| 650 | 0 | 7 |
_2qrmak _aالعلاج النفسى البنائى الذاتى |
| 650 | 0 | 7 |
_2qrmak _aالعلاج النفسى المعرفى التحليلى |
| 650 | 0 | 7 |
_2qrmak _aالعلاج النفسى الواقعى |
| 650 | 0 | 7 |
_2qrmak _aالعلاج النفسى _xالقبول والالتزام |
| 651 | _2qrmak | ||
| 700 | 0 |
_aنهلة فرج الشافعى _eمؤلف مشارك |
|
| 700 | 0 |
_aمصطفى خليل محمود _eمؤلف مشارك |
|
| 700 | 0 |
_aاحمد جمال الشريف _eمؤلف مشارك |
|
| 942 |
_2ddc _cBK |
||